| 000 | 01365cad a22002655a 4500 | ||
|---|---|---|---|
| 001 | L147513 | ||
| 008 | 090519s2002 xxk f s s000 0 eng d | ||
| 020 | _a0755934768 | ||
| 022 | 1 | _a0950-2254 | |
| 035 | _a(Sirsi) u147513 | ||
| 041 | 0 | _aeng | |
| 050 | 0 | 4 | _a346.410434 $2 18 |
| 100 | 1 | _aHouston, Donald | |
| 245 | 0 | 0 |
_aResearch on the private rented sector in Scotland _h[electronic resource] |
| 260 |
_a[Edinburgh] _bScottish Executive Social Research _c2002 |
||
| 505 | 2 | _aSummary -- Chapter one: introduction, aims and methods -- Chapter two: the role of the private rented sector -- Chapter three: access and affordability -- Chapter four: living in the private rented sector -- Chapter five: regulation of the private rented sector -- Chapter six: summary and conclusions -- Annexes -- References | |
| 520 | _aExamines issues of concern to private tenants and landlords, looking in particular at the way the sector operates within the existing regulatory regime and how this affects investment and housing quality. | ||
| 521 | _aAdvanced | ||
| 651 | 4 |
_aScotland _y1999- |
|
| 690 | _aPROPERTY-RESIDENTIAL PROPERTY-RESIDENTIAL LANDLORD AND TENANT | ||
| 700 | 1 | _aBarr, Kieran | |
| 700 | 1 | _aDean, Jo | |
| 856 | 4 | 0 |
_uhttps://www.scotland.gov.uk/Publications/2002/12/16017/15735 _zView the report free of charge at www.scotland.gov.uk... |
| 942 | _n0 | ||
| 999 |
_c109596 _d109596 |
||